| 000 | 00755nam a2200241Ia 4500 | ||
|---|---|---|---|
| 001 | 10346 | ||
| 003 | GE_BSU | ||
| 008 | 181216s||||||||xx |||||||||||||| ||und|| | ||
| 040 | _cGE_BSU | ||
| 080 | _a821.353.1–11 | ||
| 100 | _aუზნაძე,მ. | ||
| 245 | _aწერილები ბეზენჩუკელებს | ||
| 245 | _bპოემა | ||
| 245 | _cრედ.გ.სირაძე | ||
| 260 | _aთბილისი | ||
| 260 | _bსახელგამი | ||
| 260 | _c1935 | ||
| 300 | _a117გვ.17სმ. | ||
| 300 | _eთავფ.მე-2გვ. | ||
| 520 | _aსათაური რუსულ ენაზე | ||
| 653 | _aწერილები ბეზენჩუკელებს | ||
| 942 | _cBK | ||
| 999 |
_c43611 _d43611 |
||